Recidiva /
Guardat en:
| Autor principal: | |
|---|---|
| Altres autors: | |
| Format: | Llibre |
| Idioma: | italià |
| Publicat: |
Milano :
ES,
\1999!
|
| Col·lecció: | Ars amandi ;
24 |
| Etiquetes: |
Sense etiquetes, Sigues el primer a etiquetar aquest registre!
|
MARC
| LEADER | 00000nam a2200000 i 4500 | ||
|---|---|---|---|
| 001 | IT\ICCU\LO1\0503149 | ||
| 003 | ItRI | ||
| 005 | 20250731133407.0 | ||
| 008 | 990922s1999 it |||||| ||||| |||||c | ||
| 015 | |2 IT |a 2000-9121 | ||
| 020 | |a 8886534906 | ||
| 040 | |b ita |c M | ||
| 041 | 7 | |a ita |2 ISO-639-2 | |
| 082 | |a 843.914 |2 21 | ||
| 100 | 1 | |a Duvert, Tony |0 IT\ICCU\RAVV\033295 |4 aut | |
| 240 | 1 | 0 | |a Récidive. |9 Duvert, Tony |
| 245 | 1 | 0 | |a Recidiva / |c Tony Duvert ; traduzione di Angelo Morino. |
| 260 | |a Milano : |b ES, |c \1999! | ||
| 300 | |a 103 p. ; |c 20 cm. | ||
| 700 | 1 | |a Morino, Angelo |0 IT\ICCU\CFIV\011742 | |
| 830 | 0 | |a Ars amandi ; |v 24 |0 IT\ICCU\CFI\0383084 | |
| 942 | |2 ddc |c BK | ||
| 952 | |0 0 |1 0 |2 ddc |4 0 |6 843_914000000000000_DUV_REC |7 1 |9 1798 |a GE |b GE |d 2024-08-07 |l 0 |o 843.914 DUV REC |p 9395 |r 2024-08-07 19:22:07 |w 2024-08-07 |x Donazione di Alvaro Bazzano |y BK |z Donazione AB | ||
| 952 | |0 0 |1 0 |2 ddc |4 0 |6 B_LNR02DUVTOREC12 |7 0 |9 5564 |a MI |b MI |d 2005-11-11 |i 4997 |l 0 |o B-LNR02-DUVTO-REC12 |p CDOM4997 |r 2025-07-13 16:28:01 |w 2025-07-13 |x DONO |y BK | ||
| 981 | 1 | |6 z01 |a i |b xxxe | |
| 982 | 1 | |6 z01 |a n | |
| 999 | |c 1611 |d 1611 | ||